00880nam a2200217Ia 4500003000400000005001700004008004100021020001800062040000900080082002000089100002600109245011400135250001200249260004700261300000900308650001200317942004600329952013500375952013500510999001700645OSt20200909124519.0190216s9999||||xx |||||||||||||| ||und|| a9788120311299 coclc a621.3822bPRO/D aProakis, John G94524 0aDigital Signal Processing :bPrinciples, Algorithms and Applications /cJohn G Proakis ; Dimitris G Manolakis a3rd Ed. bPrentice Hall Of India,c2005.aNew Delhi: a968p aPhysics cBK2ddch621.3822iPRO/Dk621.3822mPRO/D 00102ddc40708APHYaMESbMEScPHYd2019-02-20g295.00l0o621.3822 PRO/Dp30032r2019-02-20 00:00:00t1w2019-02-20yBKzGL16R3 00102ddc40708APHYaMESbMEScPHYd2019-02-20g295.00l0o621.3822 PRO/Dp30387r2019-02-20 00:00:00t2w2019-02-20yBKzGL16R3 c33919d33919